Fr. Conceicao Rodrigues College of Engineering

Electronics Power Control (Record no. 32582)

MARC details
000 -LEADER
fixed length control field 00295nam a2200133Ia 4500
100 ## - MAIN ENTRY--PERSONAL NAME
Personal name Gottlieb/ I.M.
245 ## - TITLE STATEMENT
Title Electronics Power Control
260 ## - PUBLICATION, DISTRIBUTION, ETC.
Name of publisher, distributor, etc. Mc Graw Hill / Macmillan
Place of publication, distribution, etc. New York
Date of publication, distribution, etc. 1993
300 ## - PHYSICAL DESCRIPTION
Extent 265
546 ## - LANGUAGE NOTE
Language note ENGLISH
654 ## - SUBJECT ADDED ENTRY--FACETED TOPICAL TERMS
Focus term Electronics
942 ## - ADDED ENTRY ELEMENTS (KOHA)
Koha item type BOOK
Holdings
Withdrawn status Lost status Damaged status Not for loan Collection Home library Current library Date acquired Cost, normal purchase price Total Checkouts Full call number Barcode Date last seen Cost, replacement price Price effective from Koha item type
        CRC Fr. Agnel's C.Rodrigues College of Engineering Fr. Agnel's C.Rodrigues College of Engineering 17/03/2023 282.20   5731 17/03/2023 282.20 17/03/2023 BOOK